000 00214nam a2200097Ia 4500
005 20251222114354.0
008 251222s1900||||xx |||||||||||||| ||spa||
082 _aDVD0070/D95G/2001
245 0 _aGertrud:
942 _cDVD
999 _c1349
_d1349